01049nam a2200193 a 4500008004100000050001600041100001700057245010300074260003400177300001500211350000900226650001300235650003800248995014100286995014100427999001700568952013500585952013500720120416s1975 ||||||||||||||||| || u aHF 5391 Aut aBrooks, John14aThe autobiography of American business: the story told by those who make itcedited by John Brooks aNew York:bAnchor Booksc1975 axxi, 369p. a0.00 0aBUSINESS aAUTOBIOGRAPGHY, AMERICAN BUSINESS aBINDERY (DAMAGED)D0.00e704795FCBU-MAIN LIBRARY (Kitwe)H2I0.00jHF 5391 AutM2UDAMAGEDy004871ZMain Library Open Access Collection aBINDERY (DAMAGED)D0.00e704794FCBU-MAIN LIBRARY (Kitwe)H1I0.00jHF 5391 AutM1UDAMAGEDy004870ZMain Library Open Access Collection c84473d84473 00102lcc4070a001b001cMain Library Open Access Collectiond2024-01-25l0oHF 5391 Autp004871r2024-01-25t1w2024-01-25y002 00102lcc4070a001b001cMain Library Open Access Collectiond2024-01-25l0oHF 5391 Autp004870r2024-01-25t2w2024-01-25y002